Cost accounting : (Record no. 185941)
[ view plain ]
| 000 -LEADER | |
|---|---|
| fixed length control field | 00762 a2200181 4500 |
| 003 - CONTROL NUMBER IDENTIFIER | |
| control field | Nust |
| 005 - DATE AND TIME OF LATEST TRANSACTION | |
| control field | 20230321120613.0 |
| 040 ## - CATALOGING SOURCE | |
| Transcribing agency | Nust |
| 082 ## - DEWEY DECIMAL CLASSIFICATION NUMBER | |
| Classification number | 657,SHI |
| 100 ## - MAIN ENTRY--PERSONAL NAME | |
| Personal name | Shillinglaw, Gordon. |
| 9 (RLIN) | 44634 |
| 245 ## - TITLE STATEMENT | |
| Title | Cost accounting : |
| Remainder of title | analysis and control / |
| Statement of responsibility, etc. | Gordon Shillinglaw, |
| 250 ## - EDITION STATEMENT | |
| Edition statement | revised ed. |
| 260 ## - PUBLICATION, DISTRIBUTION, ETC. | |
| Place of publication, distribution, etc. | Homewood, |
| Name of publisher, distributor, etc. | Ill., R.D. Irwin, |
| Date of publication, distribution, etc. | 1967. |
| 300 ## - PHYSICAL DESCRIPTION | |
| Extent | xviii, 913 p. |
| Other physical details | 24 cm. |
| 505 ## - FORMATTED CONTENTS NOTE | |
| Formatted contents note | Part.1 Cost Accounting and its Setting (Page-1), Part.2 Measurement of Product Cost (Page-79), Part.3 Control of Operating Costs (Page-275), Part.4 Public Financial Reporting (Page-533), Part.5 Incremental Analysis for Decisions (Page-561), Part.6 Profit Planning and Control Systems (Page-745). |
| 650 ## - SUBJECT ADDED ENTRY--TOPICAL TERM | |
| Topical term or geographic name entry element | Cost accounting |
| 942 ## - ADDED ENTRY ELEMENTS (KOHA) | |
| Source of classification or shelving scheme | |
| Koha item type | Book |
| Withdrawn status | Lost status | Source of classification or shelving scheme | Damaged status | Not for loan | Permanent Location | Current Location | Shelving location | Date acquired | Full call number | Barcode | Date last seen | Price effective from | Koha item type | Public note |
|---|---|---|---|---|---|---|---|---|---|---|---|---|---|---|
| Military College of Signals (MCS) | Military College of Signals (MCS) | General Stacks | 12/12/2016 | 657,SHI | MCS69 | 12/08/2016 | 12/12/2016 | Book | Almirah No.75, Shelf No.1 |
